Bordeaux players (2000-2010) - Statistics

General Stats
  • This quiz has been taken 4 times
  • The average score is 41 of 99
Answer Stats
Rank Player Positions Nationality Matches Goals (assists) Period % Correct
3 Marc Planus CB 211 3 (1) 2002-2010
100%
2 Marouane Chamakh ST 230 56 (24) 2002-2010
100%
60 Abdou Traoré CM 23 0 (0) 2008-2010
67%
12 Alou Diarra DM 101 7 (6) 2007-2010
67%
28 Benoît Trémoulinas LB 70 2 (13) 2007-2010
67%
51 Cédric Carrasso GK 29 0 (0) 2009-2010
67%
48 Denilson LW 31 3 (3) 2005-2006
67%
6 Fernando DM 155 18 (11) 2005-2010
67%
5 Franck Jurietti LB 172 0 (2) 2003-2010
67%
26 Henrique CB 79 5 (2) 2005-2010
67%
7 Jean-Claude Darcheville ST 131 37 (15) 2002-2007
67%
33 Johan Micoud AM 61 10 (6) 2006-2008
67%
15 Julien Faubert RB 96 8 (6) 2004-2007
67%
18 Jussiê AM 88 12 (5) 2006-2010
67%
72 Lassina Diabaté DM 16 0 (0) 2000-2001
67%
22 Lilian Laslandes ST 82 14 (1) 2000-2001, 2004-2007
67%
98 Madimoussa Traoré ST 1 0 (0) 2005-2006
67%
64 Mathieu Valverde GK 22 0 (0) 2003-2005, 2007-2009
67%
13 Matthieu Chalmé RB 99 1 (10) 2007-2010
67%
77 Mauricio Pochettino CB 11 1 (0) 2003-2004
67%
25 Pascal Feindouno RW 80 9 (4) 2000-2001, 2002-2004
67%
14 Pauleta ST 98 65 (5) 2000-2003
67%
32 Souleymane Diawara CB 63 2 (1) 2007-2009
67%
1 Ulrich Ramé GK 313 0 (2) 2000-2010
67%
55 Vladimir Smicer AM 28 3 (3) 2005-2007
67%
9 Wendel LM 125 31 (30) 2006-2010
67%
29 Yoann Gourcuff AM 66 18 (19) 2008-2010
67%
92 Abdoulaye Barry CB 1 0 (0) 2001-2002
33%
40 Alain Roche CB 46 2 (0) 2000-2002
33%
56 Albert Celades DM 27 3 (1) 2003-2004
33%
36 Albert Riera LM 53 4 (1) 2003-2005
33%
23 Alejandro Alonso RM 81 4 (7) 2005-2008
33%
19 Aleksey Smertin DM 85 2 (1) 2000-2004
33%
87 Arnaud Faget DF 3 0 (0) 2001-2002
33%
94 Benjamin Oliveras LB 1 0 (0) 2001-2002
33%
86 Beto CB 4 0 (0) 2005-2006
33%
10 Bruno Basto LB 115 0 (0) 2000-2005
33%
58 Bruno Cheyrou CM 26 1 (0) 2005-2006
33%
89 Bruno Da Rocha CM 2 0 (0) 2000-2001
33%
21 Camel Meriem AM 82 8 (2) 2001-2005
33%
67 Christian ST 18 2 (0) 2001-2002
33%
37 Christophe Dugarry ST 53 6 (4) 2000-2003
33%
61 Christophe Sanchez ST 23 2 (1) 2001-2003
33%
53 Cyril Rool LB 28 2 (0) 2004-2005
33%
20 David Bellion ST 84 19 (6) 2007-2010
33%
4 David Jemmali RB 191 4 (9) 2000-2008
33%
27 David Sommeil CB 77 1 (0) 2000-2003
33%
62 Deivid ST 23 3 (0) 2003-2004
33%
43 Edixon Perea ST 38 3 (1) 2005-2007
33%
17 Eduardo Costa DM 88 4 (1) 2001-2004
33%
96 Erwan Quintin LB 1 0 (0) 2003-2004
33%
24 Fernando Cavenaghi ST 81 33 (7) 2006-2010
33%
39 Florian Marange LB 50 0 (4) 2004-2008
33%
44 François Grenet RB 37 0 (0) 2000-2002
33%
65 Frédéric Roux GK 19 0 (0) 2002-2006
33%
35 Gabriel Obertan RW 54 3 (3) 2006-2009
33%
66 Gérald Cid CB 19 2 (0) 2003-2005, 2006-2007
33%
68 Grégory Sertic DM 18 1 (1) 2008-2010
33%
84 Henri Saivet AM 5 0 (0) 2007-2010
33%
70 Hervé Alicarte DF 16 1 (0) 2000-2002, 2003-2004
33%
74 Hervé Bugnet RW 15 0 (0) 2000-2002, 2004-2005
33%
46 Jaroslav Plasil CM 34 2 (3) 2009-2010
33%
34 Jérôme Bonnissel LB 56 0 (0) 2000-2003
33%
16 Juan Pablo Francia AM 89 11 (2) 2001-2002, 2003-2007
33%
59 Kalu Uche ST 24 1 (0) 2004-2005
33%
97 Kévin Olimpa GK 1 0 (0) 2008-2009
33%
11 Kodjo Afanou CB 109 3 (0) 2000-2006
33%
69 Lamine Sané CB 17 1 (0) 2009-2010
33%
38 Laurent Batlles CM 51 3 (3) 2000-2002
33%
90 Laurent Leroy ST 2 0 (0) 2005-2006
33%
30 Marco Caneira CB 65 0 (0) 2002-2004
33%
49 Marc Wilmots AM 30 8 (0) 2000-2001
33%
76 Mathieu Beda CB 11 1 (0) 2002-2004
33%
50 Michaël Ciani CB 30 2 (0) 2009-2010
33%
52 Michalis Kapsis CB 29 0 (0) 2004-2005
33%
85 Michel Pavon CM 5 0 (0) 2000-2001
33%
47 Nicolas Sahnoun DM 34 1 (0) 2001-2004
33%
99 Niša Saveljić CB 1 0 (0) 2000-2001
33%
81 Olivier Auriac DM 9 0 (0) 2001-2003
33%
91 Patrick Leugueun CB 2 0 (0) 2001-2003
33%
73 Paulo Costa RW 16 0 (0) 2003-2004
33%
41 Paulo Miranda DM 42 2 (0) 2001-2002, 2003-2004
33%
42 Pierre Ducasse DM 41 4 (1) 2005-2009
33%
63 Renaud Cohade CM 23 0 (0) 2004-2005
33%
8 Rio Mavuba DM 127 1 (2) 2003-2007
33%
79 Sylvain Franco ST 10 1 (0) 2003-2004
33%
45 Sylvain Legwinski CM 36 1 (0) 2000-2002
33%
88 Ted Lavie RB 3 0 (0) 2003-2004, 2005-2006
33%
82 Thiago Ribeiro LW 7 0 (0) 2004-2005
33%
78 Tony Vairelles ST 11 2 (1) 2000-2001
33%
54 Vikash Dhorasoo CM 28 1 (0) 2001-2002
33%
83 Yksel Osmanovski LM 7 0 (0) 2001-2002
33%
31 Yoan Gouffran LW 64 7 (7) 2008-2010
33%
93 Abdoulaye Keita GK 1 0 (0) 2009-2010
0%
95 Cédrick Fiston ST 1 0 (0) 2002-2003
0%
80 Diego Placente LB 9 0 (0) 2008-2010
0%
71 Joseph Enakarhire CB 16 0 (0) 2006-2007
0%
57 Sávio LW 27 7 (1) 2002-2003
0%
75 Stéphane Dalmat CM 13 0 (2) 2006-2007
0%
No matching quizzes found
Score Distribution
Percent of People with Each Score
Percentile by Number Answered
Your Score History
You have not taken this quiz